| 000 | 00000nam 2200000zi 4500 |
| 001 | 9.937130 |
| 003 | CaOODSP |
| 005 | 20240419105028 |
| 006 | m o d f |
| 007 | cr |n||||||||| |
| 008 | 240419e202307##onc ob f|0| 0 eng d |
| 040 | |aCaOODSP|beng|erda|cCaOODSP |
| 043 | |an-cn--- |
| 086 | 1 |aRv55-8/19-9-1-2023E-PDF |
| 245 | 04|aThe administration of Health Canada acts and regulations relating to certain controlled, prohibited or regulated goods. |
| 264 | 1|aOttawa : |bCanada Border Services Agency, |cJuly 2023. |
| 300 | |a1 online resource (16 unnumbered pages). |
| 336 | |atext|btxt|2rdacontent |
| 337 | |acomputer|bc|2rdamedia |
| 338 | |aonline resource|bcr|2rdacarrier |
| 490 | 1 |aMemorandum, |x2369-2391 ; |vD19-9-1 |
| 500 | |aIssued also in French under title: L’application des lois et règlements de Santé Canada liés à certaines marchandises contrôlées, interdites ou réglementées. |
| 500 | |a"Superseded memoranda D, D19-9-1, January 24, 2017." |
| 504 | |aIncludes bibliographical references (page [16]). |
| 650 | 0|aDrugs|xLaw and legislation|zCanada. |
| 650 | 0|aHealth products|xLaw and legislation|zCanada. |
| 650 | 0|aImports|xLaw and legislation|zCanada. |
| 710 | 2 |aCanada Border Services Agency, |eissuing body. |
| 775 | 08|tL’application des lois et règlements de Santé Canada liés à certaines marchandises contrôlées, interdites ou réglementées.|w(CaOODSP)9.937139 |
| 830 | #0|aMemorandum (Canada Border Services Agency)|vD19-9-1.|w(CaOODSP)9.816825 |
| 856 | 40|qPDF|s474 KB|uhttps://publications.gc.ca/collections/collection_2024/asfc-cbsa/Rv55-8-19-9-1-2023-eng.pdf |
| 856 | 4 |qHTML|sN/A|uhttps://www.cbsa-asfc.gc.ca/publications/dm-md/d19/d19-9-1-eng.html |